• AIU
  • Tony Wilmot Memorial Library
Normal view MARC view

Entry Personal Name

Number of records used in: 1

001 - CONTROL NUMBER

  • control field: 26135

003 - CONTROL NUMBER IDENTIFIER

  • control field: OSt

005 - DATE AND TIME OF LATEST TRANSACTION

  • control field: 20140401162007.0

008 - FIXED-LENGTH DATA ELEMENTS

  • fixed length control field: 140401|| aca||aabn | a|a d

040 ## - CATALOGING SOURCE

  • Original cataloging agency: OSt
  • Transcribing agency: OSt

100 ## - HEADING--PERSONAL NAME

  • Personal name: Wood,Chester.
  • Titles and other words associated with a name: 1.The suffering servant of Isaiah,cup of the covenant
  • Dates associated with a name: 1999
  • Title of a work: 2.The cross and & Satan,Paul and the cross
  • General subdivision: 3.Jesus and the leaders,Jesus and the Temple

670 ## - SOURCE DATA FOUND

  • Source citation: Work cat.: (OSt): The Theology of the Cross., c1999